000 00647nam a2200241Ia 4500
003 OSt
005 20220926033854.0
006 a|||||r|||| 00| 0
007 ta
008 220923b |||||||| |||| 00| 0 eng d
037 _cGeneral Book
040 _aRTL
_cRTL
_beng
041 _2eng
_aeng
082 _aY73(Q4).2, L7
100 _aDutt Nalihaksha
_9339659
245 0 _aBuddist sects in India
260 _aVaranasi
_bIndological Book House
_c1977
300 _a318p
_ccm.
500 _aAppendix: P 281-312
650 _aHindus
942 _hY73(Q4).2, L7
_cGB
_2CC
999 _c658154
_d658154